[Event "11th EUR-ch"]
[Site "Rijeka CRO"]
[Date "2010.03.17"]
[Round "11"]
[White "Sargissian, Gabriel"]
[Black "Romanov, Evgeny"]
[Result "1-0"]
[WhiteElo "2675"]
[BlackElo "2600"]
[EventDate "2010.03.06"]
[PlyCount "121"]

1.d4 d5 2.c4 c6 3.Nc3 Nf6 4.e3 g6 5.Nf3 Bg7 6.Be2 O-O 7.O-O dxc4 8.Bxc4 
Bg4 9.h3 Bxf3 10.Qxf3 Nbd7 11.Rd1 e5 12.Bb3 Qe7 13.e4 exd4 14.Rxd4 Nc5 15.
Bc2 Ne6 16.Rd1 Nd7 17.Be3 Rfd8 18.Qg3 Qb4 19.Rab1 Ndc5 20.a3 Qc4 21.e5 a5 
22.f4 b5 23.Rbc1 Nb3 24.Bxb3 Qxb3 25.Rxd8+ Rxd8 26.Qf2 b4 27.axb4 axb4 28.
Ne4 Rd3 29.Nc5 Nxc5 30.Bxc5 Rd1+ 31.Rxd1 Qxd1+ 32.Kh2 b3 33.Qd4 Qxd4 34.
Bxd4 h5 35.g4 hxg4 36.hxg4 Kf8 37.Kg3 Ke8 38.Kf3 Bf8 39.Ke4 Kd7 40.Kd3 Ke6
41.Ke4 Kd7 42.f5 gxf5+ 43.gxf5 c5 44.Bc3 Kc6 45.e6 fxe6 46.fxe6 Be7 47.Kf5
Kd5 48.Bf6 Kd6 49.Bxe7+ Kxe7 50.Ke5 Ke8 51.Kd5 Ke7 52.Kxc5 Kxe6 53.Kc4 Kd6
54.Kxb3 Kc5 55.Ka4 Kb6 56.Kb4 Ka6 57.Kc5 Ka5 58.b4+ Ka6 59.Kc6 Ka7 60.b5 
Kb8 61.Kb6 1-0

[Event "11th EUR-ch"]
[Site "Rijeka CRO"]
[Date "2010.03.17"]
[Round "11"]
[White "Grachev, Boris"]
[Black "Lupulescu, Constantin"]
[Result "1-0"]
[WhiteElo "2667"]
[BlackElo "2598"]
[EventDate "2010.03.06"]
[PlyCount "119"]

1.c4 Nf6 2.Nc3 c5 3.Nf3 d5 4.cxd5 Nxd5 5.e3 e6 6.Be2 Nc6 7.O-O Be7 8.d3 
O-O 9.Bd2 e5 10.a3 Be6 11.Rc1 Rc8 12.Nxd5 Qxd5 13.Qc2 Kh8 14.Rfd1 f6 15.
Be1 Rfd8 16.Qb1 a5 17.Nd2 Qd7 18.Nc4 Qc7 19.a4 b6 20.Bf3 Qb8 21.Bc3 Nb4 
22.b3 Bd6 23.h3 Bc7 24.Bxb4 cxb4 25.Rc2 b5 26.axb5 Qxb5 27.Qa1 Bb6 28.Ra2 
h6 29.Nxa5 Rxd3 30.Be2 Rxd1+ 31.Qxd1 Qe8 32.Nc4 Bc5 33.Rd2 Qe7 34.Qc2 Rc7 
35.Rd1 Rd7 36.Rc1 Rc7 37.Qe4 Bf7 38.Nd2 Rd7 39.Qc2 Qd8 40.Qxc5 Rxd2 41.Bg4
h5 42.Bf3 Qd6 43.Qa7 Qf8 44.Rc7 Bxb3 45.Bxh5 Bg8 46.Bg6 f5 47.Bf7 Rd1+ 48.
Kh2 e4 49.Re7 b3 50.Bxg8 Qxg8 51.Rb7 Kh7 52.Qc5 Qe6 53.Qc7 Qf6 54.Rxb3 Rd2
55.Qf4 Rd7 56.Rb6 Qf8 57.Rb5 g6 58.Rb6 Qe7 59.h4 Qf7 60.h5 1-0

[Event "11th EUR-ch"]
[Site "Rijeka CRO"]
[Date "2010.03.17"]
[Round "11"]
[White "Pantsulaia, Levan"]
[Black "Inarkiev, Ernesto"]
[Result "0-1"]
[WhiteElo "2588"]
[BlackElo "2667"]
[EventDate "2010.03.06"]
[PlyCount "134"]

1.d4 Nf6 2.c4 g6 3.Nc3 Bg7 4.e4 d6 5.f4 O-O 6.Nf3 Nbd7 7.Bd3 e5 8.fxe5 
dxe5 9.d5 c6 10.O-O Nc5 11.Bc2 cxd5 12.cxd5 Bg4 13.Be3 Rc8 14.h3 Bxf3 15.
Qxf3 Ne8 16.Qf2 b6 17.d6 Ne6 18.Bb3 Nxd6 19.Rad1 Nd4 20.Bxd4 exd4 21.Rxd4 
Bxd4 22.Qxd4 Ne8 23.Nd5 Rc6 24.e5 Ng7 25.Qa4 b5 26.Qxb5 Rc8 27.Qa4 Qg5 28.
Qxa7 Nf5 29.Rxf5 gxf5 30.Qd4 Rfd8 31.Kh2 f4 32.Qxf4 Qxf4+ 33.Nxf4 Rd4 34.
Ne6 Rb4 35.Ng5 h6 36.Nf3 Rc6 37.Kg3 Kf8 38.Nh4 Rc5 39.Nf3 Ke7 40.Kf2 Re4 
41.g4 Rb5 42.Kg3 Rbb4 43.Kf2 Rb6 44.Kf1 Rc6 45.Kf2 Rc5 46.Kg3 Re2 47.Nd4 
Rexe5 48.Nf5+ Rxf5 49.gxf5 Kf6 50.a4 Rc7 51.Bd5 Ke5 52.Ba2 Kxf5 53.a5 Kf6 
54.b4 Rb7 55.a6 Rxb4 56.Bd5 Ra4 57.Bb7 Ke5 58.Kf3 f5 59.Kg3 Ke6 60.Kf3 Kf6
61.Ke3 Ke5 62.Kd3 Kf4 63.Bc8 h5 64.Kc3 Kg5 65.Kd2 Ra3 66.Bb7 Kh4 67.Bc8 f4
0-1

[Event "11th EUR-ch"]
[Site "Rijeka CRO"]
[Date "2010.03.17"]
[Round "11"]
[White "Reinderman, Dimitri"]
[Black "Roiz, Michael"]
[Result "1/2-1/2"]
[WhiteElo "2576"]
[BlackElo "2652"]
[EventDate "2010.03.06"]
[PlyCount "81"]

1.c4 e5 2.g3 Nf6 3.Bg2 Nc6 4.Nc3 Bc5 5.Nf3 d6 6.O-O O-O 7.d3 h6 8.a3 a6 9.
b4 Ba7 10.Bb2 Bf5 11.Rc1 Qd7 12.e3 Rac8 13.d4 exd4 14.Nd5 Nxd5 15.cxd5 Ne5
16.Nxd4 Bh3 17.f4 Bxg2 18.Kxg2 Ng4 19.Qd3 f5 20.Rfe1 Bxd4 21.Bxd4 Rce8 22.
h3 Nf6 23.Bxf6 Rxf6 24.e4 fxe4 25.Rxe4 Rxe4 26.Qxe4 Qf7 27.h4 g6 28.Re1 
Kg7 29.Qd4 Kh7 30.Kh2 h5 31.Re4 Qg7 32.Qd3 Qf7 33.Qd4 c6 34.dxc6 bxc6 35.
Qd3 Re6 36.Rxe6 Qxe6 37.Qxa6 Qa2+ 38.Kg1 Qa1+ 39.Kg2 Qa2+ 40.Kg1 Qa1+ 41.
Kg2 1/2-1/2

[Event "11th EUR-ch"]
[Site "Rijeka CRO"]
[Date "2010.03.17"]
[Round "11"]
[White "Halkias, Stelios"]
[Black "Zhigalko, Sergei"]
[Result "1-0"]
[WhiteElo "2580"]
[BlackElo "2648"]
[EventDate "2010.03.06"]
[PlyCount "91"]

1.d4 Nf6 2.Nf3 e6 3.c4 b6 4.e3 Bb7 5.Bd3 Be7 6.O-O O-O 7.b3 c5 8.Bb2 d5 9.
Qe2 Nc6 10.Nbd2 Nb4 11.Bb1 dxc4 12.bxc4 Qc7 13.a3 Na6 14.Ne5 Rad8 15.f4 
Nb8 16.f5 Nc6 17.Ndf3 Nxe5 18.dxe5 Ne4 19.f6 gxf6 20.Bxe4 Bxe4 21.exf6 Bd6
22.Qe1 Rfe8 23.Qh4 Bg6 24.Ne5 Rd7 25.Nxd7 Qxd7 26.Rad1 Qc6 27.Rd2 Kh8 28.
Rfd1 Bf8 29.Be5 h5 30.h3 b5 31.cxb5 Qxb5 32.Rd8 Kh7 33.Rxe8 Qxe8 34.Qc4 
Qa8 35.Bd6 Bh6 36.Qxc5 Be4 37.Qxh5 Qg8 38.Rd2 Qg6 39.Qh4 Kg8 40.Bf4 Bf8 
41.a4 a5 42.Qg3 Qxg3 43.Bxg3 Bb4 44.Rd8+ Kh7 45.Bd6 Bc3 46.Be7 1-0

[Event "11th EUR-ch"]
[Site "Rijeka CRO"]
[Date "2010.03.17"]
[Round "11"]
[White "Kobalia, Mikhail"]
[Black "Ragger, Markus"]
[Result "1/2-1/2"]
[WhiteElo "2637"]
[BlackElo "2572"]
[EventDate "2010.03.06"]
[PlyCount "149"]

1.e4 e5 2.Nf3 Nc6 3.Bb5 a6 4.Ba4 Nf6 5.O-O b5 6.Bb3 Bc5 7.a4 Rb8 8.c3 d6 
9.d4 Bb6 10.a5 Ba7 11.h3 O-O 12.Be3 exd4 13.cxd4 Ne7 14.Nbd2 Ng6 15.Re1 
Bb7 16.d5 Bxe3 17.Rxe3 c6 18.dxc6 Bxc6 19.Nd4 Bb7 20.Nf5 Re8 21.Qf3 Bc8 
22.Nd4 Bb7 23.Nf5 Bc8 24.Ng3 Be6 25.Bxe6 Rxe6 26.Nb3 Rc8 27.Nd4 Re8 28.Qe2
Ne5 29.b3 d5 30.Rd1 dxe4 31.Nxe4 Nxe4 32.Rxe4 Ng6 33.Rxe8+ Qxe8 34.Qxe8+ 
Rxe8 35.Nc6 h5 36.Kf1 Re6 37.Rd8+ Kh7 38.Nb4 Nf4 39.h4 Ne2 40.Nxa6 Rxa6 
41.Kxe2 Rxa5 42.Rd5 g6 43.g3 Kg7 44.Ke3 Kf6 45.b4 Ke6 46.Rc5 Kd6 47.Ke4 
Ra2 48.f3 Rb2 49.Rxb5 Ke6 50.Rb6+ Ke7 51.Kf4 Rb3 52.Rb8 Kf6 53.Rb5 Rb1 54.
Ke4 Rb3 55.Rb8 Ke6 56.b5 Rb4+ 57.Ke3 Kf5 58.b6 Rb3+ 59.Kd4 Rxf3 60.Rd8 Rb3
61.Kc5 Kg4 62.Rd4+ Kxg3 63.Rb4 Rc3+ 64.Kd6 Rc8 65.b7 Rb8 66.Kc7 Rxb7+ 67.
Kxb7 f6 68.Kc6 g5 69.Rb3+ Kg4 70.Rb4+ Kg3 71.Rb3+ Kg4 72.hxg5 fxg5 73.Kd5 
h4 74.Rb4+ Kg3 75.Ke4 1/2-1/2

[Event "11th EUR-ch"]
[Site "Rijeka CRO"]
[Date "2010.03.17"]
[Round "11"]
[White "Nijboer, Friso"]
[Black "Postny, Evgeny"]
[Result "1/2-1/2"]
[WhiteElo "2562"]
[BlackElo "2641"]
[EventDate "2010.03.06"]
[PlyCount "101"]

1.e4 e5 2.Nf3 Nc6 3.Bb5 a6 4.Ba4 Nf6 5.O-O Be7 6.Re1 b5 7.Bb3 d6 8.c3 O-O 
9.h3 Na5 10.Bc2 c5 11.d4 Qc7 12.Nbd2 Be6 13.Nf1 Nc4 14.b3 Nb6 15.Ne3 c4 
16.Ba3 Rfd8 17.d5 Bc8 18.Qd2 a5 19.bxc4 bxc4 20.Rab1 Bf8 21.Qe2 Ba6 22.Nf5
g6 23.Ng3 Bh6 24.Nh2 Rdb8 25.f3 Nbd7 26.Qf2 Rxb1 27.Rxb1 Rb8 28.Rxb8+ Qxb8
29.Ne2 Ne8 30.g3 Bg5 31.Kg2 Bd8 32.f4 Bb6 33.Qf1 exf4 34.gxf4 Nef6 35.Ng3 
Nc5 36.f5 Bd8 37.e5 Nxd5 38.Ng4 Bg5 39.h4 Ne3+ 40.Nxe3 Bxe3 41.e6 fxe6 42.
fxg6 Qb7+ 43.Kh2 Qe7 44.gxh7+ Kh8 45.Kh3 Nd3 46.Bxd6 Qxd6 47.Qf6+ Kxh7 48.
Qf7+ Kh6 49.Qf6+ Kh7 50.Qf7+ Kh6 51.Qf6+ 1/2-1/2

[Event "11th EUR-ch"]
[Site "Rijeka CRO"]
[Date "2010.03.17"]
[Round "11"]
[White "Predojevic, Borki"]
[Black "Szabo, Gergely-Andras-Gyula"]
[Result "0-1"]
[WhiteElo "2639"]
[BlackElo "2525"]
[EventDate "2010.03.06"]
[PlyCount "167"]

1.e4 c5 2.Nf3 d6 3.d4 cxd4 4.Nxd4 Nf6 5.Nc3 a6 6.Be3 e5 7.Nf3 Be7 8.Bc4 
O-O 9.O-O Be6 10.Bxe6 fxe6 11.Na4 Nfd7 12.c4 Nc6 13.Qb3 Na5 14.Qd3 Nc6 15.
Rac1 Nc5 16.Nxc5 dxc5 17.Rfd1 Qc8 18.Qd7 Rd8 19.Qxc8 Raxc8 20.Kf1 b6 21.h4
h6 22.Ke2 Rb8 23.Rxd8+ Rxd8 24.g3 Rb8 25.Ne1 Kf7 26.Nd3 Bd6 27.a3 a5 28.a4
Ke7 29.h5 Rf8 30.Rh1 Kd7 31.Rh4 Be7 32.Rh1 Bf6 33.Ne1 Bg5 34.Nf3 Bxe3 35.
fxe3 Rf6 36.g4 Kd6 37.Rd1+ Kc7 38.Rg1 Kd6 39.Kf2 Rf7 40.g5 hxg5 41.Kg3 Rf6
42.Kg4 Ke7 43.Rd1 Rf8 44.Rd2 Rf6 45.Rg2 Rf8 46.Nh2 Nb8 47.Kxg5 Nd7 48.Ng4 
Nf6 49.Nxe5 Nxe4+ 50.Kg6 Rf5 51.Nd3 Kf8 52.h6 Rf6+ 53.Kh5 Rxh6+ 54.Kg4 
Rg6+ 55.Kf3 Rxg2 56.Kxg2 Ke7 57.Ne5 Ng5 58.Kf2 Kd6 59.Ng4 Nf7 60.b3 Ne5 
61.Nh2 g5 62.Nf1 Ng4+ 63.Kf3 Nf6 64.Ng3 Ke5 65.Ke2 Ne4 66.Nh5 Kf5 67.Ng7+ 
Kf6 68.Ne8+ Ke7 69.Nc7 Kd7 70.Nb5 g4 71.Na3 Ke7 72.Nb5 Nd6 73.Nc3 Kf6 74.
Kf2 Kf5 75.Kg2 Ne4 76.Nb1 Kg5 77.Kh2 Kh4 78.Kg2 g3 79.Na3 Nd2 80.Nb5 Nxb3 
81.Nc7 Nd2 82.Nxe6 Nxc4 83.Kf3 Kh3 84.Ke4 0-1

[Event "11th EUR-ch"]
[Site "Rijeka CRO"]
[Date "2010.03.17"]
[Round "11"]
[White "Lopez Martinez, Josep Manuel"]
[Black "Giri, Anish"]
[Result "1/2-1/2"]
[WhiteElo "2548"]
[BlackElo "2624"]
[EventDate "2010.03.06"]
[PlyCount "59"]

1.Nf3 Nf6 2.g3 d5 3.Bg2 c6 4.O-O Bg4 5.d4 e6 6.Nbd2 Be7 7.Re1 O-O 8.e4 
Nbd7 9.c3 c5 10.exd5 Nxd5 11.Ne4 b5 12.h3 Bh5 13.dxc5 Nxc5 14.Nxc5 Bxc5 
15.Qe2 Qb6 16.a4 a6 17.axb5 axb5 18.Rxa8 Rxa8 19.g4 Bg6 20.Ne5 Rd8 21.Rd1 
b4 22.Nxg6 hxg6 23.Bxd5 exd5 24.Be3 Qe6 25.Qf3 Bxe3 26.Qxe3 bxc3 27.bxc3 
Qc6 28.Qd4 Rc8 29.Qxd5 Qxc3 30.Kg2 1/2-1/2

[Event "11th EUR-ch"]
[Site "Rijeka CRO"]
[Date "2010.03.17"]
[Round "11"]
[White "Nanu, Ciprian-Costica"]
[Black "Nyback, Tomi"]
[Result "1/2-1/2"]
[WhiteElo "2505"]
[BlackElo "2624"]
[EventDate "2010.03.06"]
[PlyCount "33"]

1.Nf3 d5 2.d4 c6 3.c4 Nf6 4.Nc3 e6 5.cxd5 exd5 6.Bg5 Be7 7.Qc2 g6 8.e4 
dxe4 9.Bxf6 Bxf6 10.Qxe4+ Qe7 11.Bc4 Bf5 12.Qxe7+ Kxe7 13.O-O-O Rd8 14.h3 
b5 15.Bb3 a5 16.a4 b4 17.Rhe1+ 1/2-1/2

[Event "11th EUR-ch"]
[Site "Rijeka CRO"]
[Date "2010.03.17"]
[Round "11"]
[White "Oleksienko, Mykhailo"]
[Black "Hovhannisyan, Robert"]
[Result "0-1"]
[WhiteElo "2525"]
[BlackElo "2498"]
[EventDate "2010.03.06"]
[PlyCount "64"]

1.e4 e5 2.Nf3 Nf6 3.d4 Nxe4 4.Bd3 Nc6 5.dxe5 Nc5 6.Nc3 d6 7.Bb5 a6 8.Bxc6+
bxc6 9.O-O Ne6 10.b3 Be7 11.Ba3 O-O 12.Qd2 Qd7 13.Rad1 Rd8 14.Qe3 Qe8 15.
Rfe1 Bb7 16.exd6 cxd6 17.Nd4 Nxd4 18.Qxd4 Qf8 19.Qb6 Rd7 20.Ne4 Rad8 21.h3
c5 22.c4 h6 23.Bb2 d5 24.Ng3 dxc4 25.Rxd7 Rxd7 26.Nf5 Bd8 27.Qa7 f6 28.
bxc4 Ba5 29.Re3 Bc7 30.Ng3 Qc8 31.Rb3 Rd1+ 32.Kh2 Rh1+ 0-1

[Event "11th EUR-ch"]
[Site "Rijeka CRO"]
[Date "2010.03.17"]
[Round "11"]
[White "Maiorov, Nikita"]
[Black "Caruana, Fabiano"]
[Result "1-0"]
[WhiteElo "2510"]
[BlackElo "2680"]
[EventDate "2010.03.06"]
[PlyCount "77"]

1.d4 d5 2.c4 e6 3.Nf3 Nf6 4.Nc3 c6 5.e3 Nbd7 6.Qc2 Bd6 7.Bd3 O-O 8.O-O 
dxc4 9.Bxc4 a6 10.a4 c5 11.Rd1 cxd4 12.exd4 b6 13.d5 e5 14.Ng5 Qe7 15.Nge4
Nxe4 16.Nxe4 a5 17.Bg5 f6 18.Be3 Nc5 19.Nxc5 bxc5 20.Bxc5 Bg4 21.Rdc1 Rfc8
22.Bxd6 Qxd6 23.Qb3 Bd7 24.Bb5 Rd8 25.Bc6 Rab8 26.Qc3 Rb4 27.h3 Kf7 28.Ra3
Rc8 29.Qc2 g6 30.Rc3 Bf5 31.Qd2 Rd4 32.Qe3 g5 33.Bb5 Rxc3 34.bxc3 Re4 35.
Qa7+ Kg6 36.c4 Qa3 37.Rf1 Bxh3 38.Be8+ Kh6 39.Qf7 1-0

[Event "11th EUR-ch"]
[Site "Rijeka CRO"]
[Date "2010.03.17"]
[Round "11"]
[White "Adams, Michael"]
[Black "Zhigalko, Andrei"]
[Result "1-0"]
[WhiteElo "2704"]
[BlackElo "2587"]
[EventDate "2010.03.06"]
[PlyCount "79"]

1.e4 c5 2.Nf3 Nc6 3.Bb5 Nf6 4.Nc3 Qc7 5.d3 d6 6.O-O e6 7.Bxc6+ Qxc6 8.e5 
Nd7 9.d4 d5 10.a4 b6 11.Re1 h6 12.Ne2 a6 13.h4 Bb7 14.c3 c4 15.a5 bxa5 16.
Rxa5 Qb6 17.Ra1 a5 18.Nf4 Bc6 19.Nh2 Nb8 20.Qh5 Bd7 21.Re3 Ra7 22.Rg3 Qb3 
23.Qe2 Ba4 24.Nh5 Qc2 25.Qe1 Rh7 26.Ng4 Nd7 27.Ne3 Qb3 28.Bd2 g6 29.Nf4 
Be7 30.Qb1 Bxh4 31.Rh3 Be7 32.Nxg6 fxg6 33.Qxg6+ Rf7 34.Rf3 Bf6 35.Rxf6 
Nxf6 36.exf6 Kd8 37.Ra3 Qb5 38.Ng4 Rad7 39.Ne5 Qxb2 40.Nxf7+ 1-0

[Event "11th EUR-ch"]
[Site "Rijeka CRO"]
[Date "2010.03.17"]
[Round "11"]
[White "Melkumian, Hrant"]
[Black "Areschenko, Alexander"]
[Result "1/2-1/2"]
[WhiteElo "2582"]
[BlackElo "2670"]
[EventDate "2010.03.06"]
[PlyCount "86"]

1.d4 Nf6 2.c4 g6 3.Nc3 d5 4.cxd5 Nxd5 5.e4 Nxc3 6.bxc3 Bg7 7.Be3 c5 8.Qd2 
cxd4 9.cxd4 Nc6 10.Rd1 O-O 11.Nf3 Bg4 12.Be2 Qa5 13.O-O Rac8 14.h3 Bxf3 
15.Bxf3 Qxd2 16.Rxd2 Na5 17.Bg5 Nc4 18.Rd3 e5 19.d5 f6 20.Bc1 Nd6 21.Ra3 
a6 22.Rb3 b5 23.a4 bxa4 24.Rb6 Rfd8 25.Bg4 f5 26.exf5 gxf5 27.Be2 Nb5 28.
Rxa6 Nc3 29.Bh5 Ra8 30.Rxa8 Rxa8 31.d6 Rd8 32.Ba3 e4 33.Bb4 Nd5 34.Ba3 Be5
35.Rd1 Nf4 36.d7 Nxh5 37.Be7 Bf6 38.Bxd8 Bxd8 39.Ra1 Kf7 40.Rxa4 Nf6 41.g4
fxg4 42.hxg4 Nxg4 43.Rxe4 Nf6 1/2-1/2

[Event "11th EUR-ch"]
[Site "Rijeka CRO"]
[Date "2010.03.17"]
[Round "11"]
[White "Minasian, Artashes"]
[Black "Laznicka, Viktor"]
[Result "0-1"]
[WhiteElo "2568"]
[BlackElo "2659"]
[EventDate "2010.03.06"]
[PlyCount "90"]

1.e4 c5 2.Nf3 d6 3.c3 Nf6 4.e5 dxe5 5.Nxe5 Nbd7 6.f4 e6 7.d4 cxd4 8.cxd4 
Ne4 9.Qf3 Bb4+ 10.Nc3 Nxe5 11.dxe5 Qd4 12.Bb5+ Bd7 13.Bxd7+ Kxd7 14.Kf1 
Bxc3 15.bxc3 Qc4+ 16.Kg1 Rhd8 17.h3 Ke8 18.Kh2 Rd3 19.Be3 Nxc3 20.Qxb7 Qd5
21.Qxd5 Nxd5 22.Bc1 Rc8 23.Rb1 Rdc3 24.f5 exf5 25.Rd1 Nb6 26.Bd2 Ra3 27.
Rb2 Rd3 28.Rc1 Rxc1 29.Bxc1 Kd7 30.Rc2 Nd5 31.Rc5 f4 32.Ra5 Rd1 33.Rxa7+ 
Ke6 34.Ra6+ Kf5 35.Rc6 Ne3 36.g3 Nf1+ 37.Kg2 Nxg3 38.Rc2 Ne2 39.Bb2 Nd4 
40.Bxd4 Rxd4 41.Rc7 Rd2+ 42.Kf3 Rd3+ 43.Kg2 Ke6 44.Ra7 g5 45.a4 h5 0-1

[Event "11th EUR-ch"]
[Site "Rijeka CRO"]
[Date "2010.03.17"]
[Round "11"]
[White "Gajewski, Grzegorz"]
[Black "Beliavsky, Alexander"]
[Result "1-0"]
[WhiteElo "2567"]
[BlackElo "2657"]
[EventDate "2010.03.06"]
[PlyCount "83"]

1.d4 d5 2.c4 c6 3.Nf3 Nf6 4.Nc3 dxc4 5.a4 Bf5 6.e3 e6 7.Bxc4 Bb4 8.O-O 
Nbd7 9.Qe2 Bg6 10.e4 Bxc3 11.bxc3 Nxe4 12.Ba3 Qc7 13.Ne5 Nxe5 14.dxe5 
O-O-O 15.a5 Qxe5 16.Bc1 Qc7 17.f3 Nd6 18.Bf4 Rhe8 19.Bb3 e5 20.Be3 Kb8 21.
Qf2 Nc8 22.Rfe1 Rd3 23.Bd4 Re7 24.Bc5 Red7 25.Qb2 Rd2 26.Qc1 Rd8 27.Be3 
R2d7 28.Qa3 Qd6 29.Bc5 Qd2 30.Qb4 Qg5 31.Be3 Qe7 32.Bc5 Qf6 33.Bf2 Ka8 34.
Bh4 Qf5 35.Bxd8 Rxd8 36.Qc5 e4 37.Qxf5 Bxf5 38.fxe4 Bg6 39.Rad1 Re8 40.Rd7
Re5 41.Bxf7 Bf5 42.exf5 1-0

[Event "11th EUR-ch"]
[Site "Rijeka CRO"]
[Date "2010.03.17"]
[Round "11"]
[White "Evdokimov, Alexander"]
[Black "Cheparinov, Ivan"]
[Result "1/2-1/2"]
[WhiteElo "2564"]
[BlackElo "2657"]
[EventDate "2010.03.06"]
[PlyCount "40"]

1.d4 d5 2.c4 c6 3.Nf3 Nf6 4.Nc3 e6 5.e3 Nbd7 6.Bd3 dxc4 7.Bxc4 b5 8.Bd3 
Bd6 9.O-O O-O 10.a4 b4 11.Ne4 Nxe4 12.Bxe4 Bb7 13.Qe2 Rc8 14.Bd2 Qc7 15.
Rac1 c5 16.Bxb7 Qxb7 17.Rfd1 Be7 18.Be1 a5 19.dxc5 Rxc5 20.Nd4 Rfc8 
1/2-1/2

[Event "11th EUR-ch"]
[Site "Rijeka CRO"]
[Date "2010.03.17"]
[Round "11"]
[White "Savchenko, Boris"]
[Black "Narciso Dublan, Marc"]
[Result "1/2-1/2"]
[WhiteElo "2652"]
[BlackElo "2530"]
[EventDate "2010.03.06"]
[PlyCount "50"]

1.e4 Nf6 2.e5 Nd5 3.c4 Nb6 4.d4 d6 5.f4 dxe5 6.fxe5 Nc6 7.Be3 Bf5 8.Nc3 e6
9.Nf3 Qd7 10.Qd2 Rd8 11.O-O-O Bb4 12.Bg5 Na4 13.Bd3 Bxd3 14.Qxd3 Nxc3 15.
bxc3 Be7 16.Rhe1 Na5 17.Bxe7 Kxe7 18.Rf1 Qa4 19.Ng5 Qxa2 20.Rxf7+ Ke8 21.
Rdf1 Nxc4 22.Nxe6 Qa1+ 23.Kc2 Qa2+ 24.Kc1 Qa1+ 25.Kc2 Qa2+ 1/2-1/2

[Event "11th EUR-ch"]
[Site "Rijeka CRO"]
[Date "2010.03.17"]
[Round "11"]
[White "Sanikidze, Tornike"]
[Black "Vuckovic, Bojan"]
[Result "0-1"]
[WhiteElo "2566"]
[BlackElo "2630"]
[EventDate "2010.03.06"]
[PlyCount "100"]

1.d4 Nf6 2.c4 c5 3.d5 b5 4.cxb5 a6 5.bxa6 g6 6.Nc3 Bxa6 7.Nf3 Bg7 8.e4 
Bxf1 9.Kxf1 d6 10.g3 O-O 11.Kg2 Nbd7 12.h3 Ra6 13.Re1 Qa8 14.Bd2 e6 15.
dxe6 fxe6 16.a4 d5 17.exd5 exd5 18.Nb5 Qb7 19.Bf4 h6 20.Rc1 Rf7 21.b4 g5 
22.Nd6 Qxb4 23.Nxf7 gxf4 24.Re7 Nf8 25.Rb1 Qxa4 26.Qxa4 Rxa4 27.Rb8 fxg3 
28.Nd6 Nh5 29.Nf5 Ra2 30.Nxg3 Nf4+ 31.Kf1 Nxh3 32.Rxg7+ Kxg7 33.Nf5+ Kh7 
34.Kg2 Nf4+ 35.Kg3 N8e6 36.Rb7+ Kg6 37.Ne7+ Kh5 38.Rb1 Ne2+ 39.Kh2 N6f4 
40.Rb6 Ra3 41.Ng1 Nxg1 42.Kxg1 Kg5 43.Rd6 d4 44.Ng8 h5 45.Nf6 Kf5 46.Kh2 
c4 47.Nd7 d3 48.Kg3 d2+ 49.f3 Rd3 50.Rf6+ Kg5 0-1

[Event "11th EUR-ch"]
[Site "Rijeka CRO"]
[Date "2010.03.17"]
[Round "11"]
[White "Grigorian, Avetik"]
[Black "l`Ami, Erwin"]
[Result "1/2-1/2"]
[WhiteElo "2565"]
[BlackElo "2628"]
[EventDate "2010.03.06"]
[PlyCount "85"]

1.Nf3 Nf6 2.c4 g6 3.Nc3 d5 4.cxd5 Nxd5 5.Qa4+ Bd7 6.Qh4 Nxc3 7.bxc3 c5 8.
Rb1 Qc7 9.Qg3 Qxg3 10.hxg3 b6 11.e4 Bg7 12.d4 Nc6 13.Be3 O-O 14.Ba6 Bc8 
15.Bxc8 Raxc8 16.Ke2 cxd4 17.cxd4 Na5 18.Rbc1 Nc4 19.g4 e5 20.d5 f6 21.Nd2
Nxe3 22.Kxe3 Rfd8 23.Kd3 Bf8 24.a4 Kg7 25.g5 fxg5 26.Rxc8 Rxc8 27.Nf3 Bd6 
28.Nxg5 h5 29.Ne6+ Kf6 30.f3 Bb4 31.g4 Rc3+ 32.Ke2 Rc2+ 33.Kd3 Rc3+ 34.Ke2
Rc2+ 35.Ke3 Rc3+ 36.Kf2 hxg4 37.fxg4 Bc5+ 38.Nxc5 Rxc5 39.Rh8 Kg5 40.d6 
Rc2+ 41.Ke3 Rc3+ 42.Ke2 Rc2+ 43.Ke3 1/2-1/2

[Event "11th EUR-ch"]
[Site "Rijeka CRO"]
[Date "2010.03.17"]
[Round "11"]
[White "Drozdovskyi, Yuri"]
[Black "Gagunashvili, Merab"]
[Result "1-0"]
[WhiteElo "2627"]
[BlackElo "2582"]
[EventDate "2010.03.06"]
[PlyCount "83"]

1.d4 d6 2.Nf3 g6 3.g3 Bg7 4.Bg2 Nd7 5.c4 Ngf6 6.O-O O-O 7.Qc2 e5 8.Rd1 Re8
9.Nc3 c6 10.e4 a5 11.h3 exd4 12.Nxd4 Nc5 13.Be3 Qc7 14.b3 Bd7 15.Rd2 Rad8 
16.Rad1 Bc8 17.f3 Ne6 18.Nde2 Bf8 19.f4 Nc5 20.Bxc5 dxc5 21.e5 Rxd2 22.
Rxd2 Nd7 23.Ne4 Be7 24.Qb2 Nf8 25.g4 Ne6 26.Nd6 Rd8 27.f5 Nd4 28.Nxd4 cxd4
29.Qxd4 gxf5 30.Qf4 f6 31.Nxc8 Bc5+ 32.Kh1 Rxd2 33.Qxd2 Qxc8 34.exf6 Bf8 
35.Qg5+ Kh8 36.f7 Bg7 37.Qxf5 Qd8 38.Bf3 h6 39.Qe6 Qf8 40.Qe8 Kh7 41.Be4+ 
Kh8 42.h4 1-0

[Event "11th EUR-ch"]
[Site "Rijeka CRO"]
[Date "2010.03.17"]
[Round "11"]
[White "Delchev, Alexander"]
[Black "Babula, Vlastimil"]
[Result "0-1"]
[WhiteElo "2625"]
[BlackElo "2554"]
[EventDate "2010.03.06"]
[PlyCount "72"]

1.d4 Nf6 2.Nf3 e6 3.g3 b6 4.Bg2 Bb7 5.c4 Be7 6.O-O O-O 7.Bf4 d6 8.Nc3 Ne4 
9.Rc1 Nd7 10.d5 Nxc3 11.Rxc3 e5 12.Bc1 f5 13.e4 fxe4 14.Nd2 Bg5 15.Nxe4 
Bxc1 16.Qxc1 h6 17.f4 exf4 18.gxf4 Nf6 19.Ng3 Qd7 20.Ne2 c6 21.Bh3 Qe8 22.
Re3 Qh5 23.Be6+ Kh8 24.Ng3 Qg6 25.f5 Qe8 26.Ne4 cxd5 27.Nxf6 Rxf6 28.cxd5 
Qb5 29.Rb3 Qa5 30.Qc3 Qc5+ 31.Qxc5 dxc5 32.d6 g6 33.d7 Rd8 34.Rg3 gxf5 35.
Rg8+ Rxg8+ 36.Bxg8 Rg6+ 0-1

[Event "11th EUR-ch"]
[Site "Rijeka CRO"]
[Date "2010.03.17"]
[Round "11"]
[White "Shimanov, Alexander"]
[Black "Tregubov, Pavel"]
[Result "0-1"]
[WhiteElo "2553"]
[BlackElo "2625"]
[EventDate "2010.03.06"]
[PlyCount "60"]

1.Nf3 c5 2.c4 Nc6 3.d4 cxd4 4.Nxd4 Nf6 5.Nc3 e6 6.g3 Qb6 7.Ndb5 Ne5 8.Bf4 
Nfg4 9.Qa4 f6 10.Ne4 Bc5 11.e3 O-O 12.h3 Nf3+ 13.Ke2 Nge5 14.Bg2 d5 15.
Bxf3 Bd7 16.Bxe5 fxe5 17.b4 Be7 18.Nec3 a6 19.cxd5 exd5 20.Qa5 Qf6 21.
Bxd5+ Kh8 22.Nc7 b6 23.Qa3 Rac8 24.f3 Rxc7 25.Be4 Bc6 26.Rac1 Bxe4 27.fxe4
Rxc3 28.Qxc3 Qf2+ 29.Kd3 Rd8+ 30.Kc4 Qxa2+ 0-1

[Event "11th EUR-ch"]
[Site "Rijeka CRO"]
[Date "2010.03.17"]
[Round "11"]
[White "Parligras, Mircea-Emilian"]
[Black "Balogh, Csaba"]
[Result "1/2-1/2"]
[WhiteElo "2551"]
[BlackElo "2622"]
[EventDate "2010.03.06"]
[PlyCount "70"]

1.e4 e5 2.Nf3 Nc6 3.Bb5 a6 4.Ba4 Nf6 5.O-O b5 6.Bb3 Bb7 7.Re1 Bc5 8.c3 d6 
9.d4 Bb6 10.a4 O-O 11.h3 h6 12.axb5 axb5 13.Rxa8 Bxa8 14.d5 Ne7 15.Be3 
Bxe3 16.Rxe3 c6 17.dxc6 Bxc6 18.Nbd2 Ng6 19.Bc2 Qa8 20.Qb1 Re8 21.Nf1 d5 
22.exd5 Nxd5 23.Re1 Ndf4 24.Be4 Bxe4 25.Qxe4 Qxe4 26.Rxe4 Nd3 27.Re2 Ra8 
28.Rd2 e4 29.Nd4 Ngf4 30.Ng3 Ra1+ 31.Kh2 Re1 32.Nc2 Rb1 33.Na3 Re1 34.Nc2 
Rb1 35.Na3 Re1 1/2-1/2

[Event "11th EUR-ch"]
[Site "Rijeka CRO"]
[Date "2010.03.17"]
[Round "11"]
[White "Gelashvili, Tamaz"]
[Black "Howell, David"]
[Result "0-1"]
[WhiteElo "2621"]
[BlackElo "2612"]
[EventDate "2010.03.06"]
[PlyCount "54"]

1.d4 Nf6 2.g3 g6 3.Bg2 d5 4.Nf3 Bg7 5.c4 c6 6.cxd5 cxd5 7.Nc3 O-O 8.Ne5 e6
9.O-O Nc6 10.Nxc6 bxc6 11.Na4 Nd7 12.Bf4 Qa5 13.a3 Ba6 14.Rc1 Bxe2 15.Qxe2
Qxa4 16.Rfd1 Rfc8 17.Bf1 Qb3 18.Qa6 Qb6 19.b4 Bxd4 20.Qxb6 axb6 21.Rxd4 e5
22.Bh3 f5 23.Bxe5 Nxe5 24.Bg2 b5 25.Re1 Re8 26.Rxd5 cxd5 27.Bxd5+ Nf7 0-1

[Event "11th EUR-ch"]
[Site "Rijeka CRO"]
[Date "2010.03.17"]
[Round "11"]
[White "Belov, Vladimir"]
[Black "Svetuschin, Dumitru"]
[Result "1-0"]
[WhiteElo "2619"]
[BlackElo "2554"]
[EventDate "2010.03.06"]
[PlyCount "75"]

1.e4 e5 2.Nf3 Nc6 3.d4 exd4 4.Nxd4 Bc5 5.Nxc6 Qf6 6.Qf3 dxc6 7.Qg3 Be6 8.
Nc3 O-O-O 9.Be3 Bd6 10.f4 Bb4 11.Bxa7 g5 12.fxg5 Qg7 13.Bf2 h6 14.gxh6 
Qxh6 15.Bd3 Nf6 16.Be3 Qf8 17.Bd2 Rg8 18.Qf4 Nh5 19.Qf2 Bg4 20.e5 Bc5 21.
Be3 Bxe3 22.Qxe3 Qb4 23.O-O Be6 24.Be4 Kb8 25.a3 Qe7 26.Rad1 Rxd1 27.Rxd1 
Qh4 28.Rf1 Rg5 29.Qf2 Qg4 30.Bf3 Qh3 31.Ne4 Rg8 32.Bxh5 Qxh5 33.Nf6 Rxg2+ 
34.Qxg2 Qxe5 35.Qg8+ Ka7 36.Qg3 Qxb2 37.Ne4 b6 38.Qxc7+ 1-0

[Event "11th EUR-ch"]
[Site "Rijeka CRO"]
[Date "2010.03.17"]
[Round "11"]
[White "Mastrovasilis, Athanasios"]
[Black "Markus, Robert"]
[Result "1-0"]
[WhiteElo "2511"]
[BlackElo "2618"]
[EventDate "2010.03.06"]
[PlyCount "73"]

1.d4 Nf6 2.c4 g6 3.Nc3 Bg7 4.e4 d6 5.Bg5 h6 6.Be3 Ng4 7.Bc1 e5 8.d5 h5 9.
h3 Nf6 10.Nf3 Na6 11.b4 O-O 12.a3 Nh7 13.Bd3 f5 14.Bd2 c5 15.dxc6 bxc6 16.
Qa4 Bb7 17.c5 Nc7 18.cxd6 Qxd6 19.Bc4+ Kh8 20.Rd1 Qf6 21.Be3 a6 22.Bc5 Nb5
23.Qb3 Rfd8 24.O-O Rxd1 25.Rxd1 Ng5 26.Nxg5 Qxg5 27.Ne2 Rd8 28.Rxd8+ Qxd8 
29.a4 Nc7 30.exf5 gxf5 31.Ng3 Nd5 32.Nxf5 Qf6 33.Qf3 Nf4 34.Nd6 Ba8 35.Qe4
Ne6 36.Bd3 Ng5 37.Qe2 1-0